000
00251nam a22001217a 4500
008
181219b xxu||||| |||| 00| 0 eng d
041
_a
eng
080
_a
721
100
_a
44
101
_a
ART
245
_a
Italian Style
_c
James.w
942
_2
udc
_c
BK
999
_c
53490
_d
53490